[Event "IECG CA.2001.0.00023"]
[Site "IECG email"]
[Date "2001.10.22"]
[Round "?"]
[White "Rivera Martinez, Jose Manuel"]
[Black "Weegenaar, Bertrand W"]
[Result "0-1"]
[WhiteElo "2170"]
[BlackElo "2103"]
[PlyCount "38"]
[EventDate "2001.10.22"]
[EventType "tourn (corr)"]
[EventRounds "6"]
[SourceTitle "Corr 2008"]
[Source "ChessBase"]
[SourceDate "2008.06.24"]
[SourceVersion "1"]
[SourceVersionDate "2008.06.24"]
[SourceQuality "1"]

1. d4 Nf6 2. Nf3 g6 3. Bg5 Bg7 4. Nbd2 0-0 5. c3 d6 6. e4 c5 7. dxc5 dxc5 8. Bc4 Nc6 9. Qe2 Qc7 10. 0-0 Na5 11. Bd3 Be6 12. Nc4 h6 13. Bxf6 exf6 14. Ne3 Rad8 15. Rad1 Nc6 16. Bc4 Bxc4 17. Qxc4 Ne7 18. b4 b6 19. Rfe1 Qc8 0-1